000 00815 a2200229 4500
999 _c5399
_d5399
020 _a9781856178112
050 0 0 _aLC5225.L42
100 1 _aKnowles, Malcolm S.
_d1913-1997.
245 1 4 _aThe adult learner :
_bthe definitive classic in adult education and human resource development /
_cMalcolm S. Knowles, Elwood F. Holton III, Richard A. Swanson.
250 _a7th ed.
264 _aLondon:
_cc2005
300 _axii, 406 p. :
_bill.
500 _aincludes index
504 _aIncludes bibliographical references (p. 345-389) and indexes.
650 0 _aAdult learning.
650 0 _aAdult education.
650 0 _aTraining.
700 1 _aHolton, Elwood F.,
_d1957-
700 1 _aSwanson, Richard A.,
_d1942-
942 _2lcc
_cBK
_hLC5225
_iKNO
_kLC